Statistics for Most Popular Songs in USA 4/13/2024

Click here to take the quiz!

General Stats

  • This quiz has been taken 8 times
  • The average score is 7 of 15

Answer Stats

RankArtist (Version)Answer% Correct
8.Jack HarlowLovin' On Me
75%
2.BeyonceTexas Hold 'Em
75%
3.Benson BooneBeautiful Things
63%
13.Tate McRaeGreedy
63%
5.Teddy SwimsLose Control
63%
15.Noah KahanStick Season
63%
11.Kan(ye) West, Ty Dolla $ignCarnival
50%
1.Future, Metro Boomin, Kendrick LamarLike That
38%
9.Ariana Grandewe can't be friends (wait for your love)
38%
14.Taylor SwiftCruel Summer
25%
12.Zach Bryan, Kacey MusgravesI Remember Everything
25%
4.HozierToo Sweet
25%
10.Future, Metro Boomin, Playboi Carti, Travis ScottType Sh*t
25%
6.Beyonce, Miley CyrusII Most Wanted
13%
7.BeyonceJolene
13%

Score Distribution

Percentile by Number Answered

Percent of People with Each Score

Your Score History

You have not taken this quiz